000 00524nam a2200193Ia 4500
005 20250326141129.0
008 250326s9999 xx 000 0 und d
037 _aTextbook
040 _aFMSL
_beng
_cFMSL
041 _aeng
_2eng
084 _qFMSL
100 _aFabozzi F J
245 0 _aCapital markets: Institution and instruments
_cFabozzi F J; Modigliani F
250 _aEd 2nd
260 _aNew Jersey
_bNew Jersey, Preitice-Hall Inc.
_c1996
300 _a784p
942 _cTB
999 _c1288838
_d1288838